| 000 | 00562nam a2200181Ia 4500 | ||
|---|---|---|---|
| 008 | 100920s9999 xx 000 0 und d | ||
| 082 |
_b88513 _a51 थ 45 |
||
| 100 | _aText1 | ||
| 245 | _aआगरकरांशीं ओळख. | ||
| 260 |
_bतारळेकर ल. वि., सातारा. _c1945 |
||
| 300 |
_a244 _bसाधी |
||
| 365 | _b5 | ||
| 520 | _aचरित्र. | ||
| 630 | _aआगरकरांशीं ओळख. | ||
| 650 | _aचरित्र. | ||
| 730 | _aआगरकरांशीं ओळख. | ||
| 942 | _cBOOK | ||
| 999 |
_c729017 _d729014 |
||